English Football Winners (Premier League, FA Cup, League Cup...) - Statistics

General Stats
  • This quiz has been taken 75 times
  • The average score is 15 of 18
Answer Stats
Answer % Correct
Arsenal
100%
Chelsea
100%
Liverpool
100%
Manchester City
100%
Manchester United
100%
Tottenham Hotspur
97%
Leicester City
95%
Newcastle United
95%
Blackburn Rovers
92%
Crystal Palace
87%
Everton
87%
Leeds United
85%
Aston Villa
80%
Wigan Athletic
77%
Portsmouth
67%
Swansea City
62%
Birmingham City
58%
Middlesbrough
52%
No matching quizzes found
Score Distribution
Percent of People with Each Score
Percentile by Number Answered
Your Score History
You have not taken this quiz